| 000 | 01662nam a22004337a 4500 | ||
|---|---|---|---|
| 001 | 669684 | ||
| 003 | OSt | ||
| 005 | 20210419070923.0 | ||
| 008 | 950112s1995 nyu 000 1 eng | ||
| 010 | _a 95002668 | ||
| 020 | _a0679439374 | ||
| 040 |
_aDLC _cDLC _dDLC _dOCoLC _dDLC _beng |
||
| 041 | 1 |
_aeng _hfre |
|
| 043 | _af-ae--- | ||
| 050 | 0 | 0 |
_aPQ2605.A3734 _bP7413 1995 |
| 080 |
_a821.111 _bC-18 |
||
| 082 | 0 | 0 |
_a843/.914 _220 |
| 100 | 1 |
_aCamus, Albert, _d1913-1960. |
|
| 240 | 1 | 0 |
_aPremier homme. _lEnglish |
| 245 | 1 | 4 |
_aThe first man / _cby Albert Camus ; translated from the French by David Hapgood. _b/ by: Alfred, A. Knopf |
| 250 | _a1st American edition | ||
| 260 |
_aNew York _bAlfred, A. Knopf _c1995. |
||
| 300 |
_aviii, 325 p. _c19 cm. |
||
| 365 | _b23 usd | ||
| 650 | 0 |
_aChildren _vFiction. |
|
| 650 | 0 |
_aEnglish literature _9247 |
|
| 650 | 0 |
_aFatherless families _vFiction. |
|
| 651 | 0 |
_aAlgeria _vFiction. |
|
| 653 | _aინგლისური ლიტერატურა | ||
| 655 | 7 |
_aDomestic fiction. _2lcsh |
|
| 700 | 1 |
_aHapgood, David. _eTranslator |
|
| 856 | 4 | 2 |
_3Contributor biographical information _uhttp://www.loc.gov/catdir/bios/random057/95002668.html |
| 856 | 4 | 1 |
_3Sample text _uhttp://www.loc.gov/catdir/samples/random044/95002668.html |
| 856 | 4 | 2 |
_3Publisher description _uhttp://www.loc.gov/catdir/description/random049/95002668.html |
| 856 | 4 | 2 |
_3Book review (H-Net) _uhttp://www.h-net.org/review/hrev-a0a6g3-aa |
| 906 |
_a7 _bcbc _corignew _d1 _eocip _f19 _gy-gencatlg |
||
| 942 |
_2udc _cBK _e1 |
||
| 999 |
_c1976 _d1976 |
||